Market leader : Pre-intermediate : Business English practice file
Market Leader 3rd Edition has been completely updated to reflect the fast-changing world of business using authoritative and authentic business sources such as Fina
Zapisane w:
| 1. autor: | |
|---|---|
| Format: | Książka |
| Język: | Undetermined |
| Hasła przedmiotowe: | |
| Etykiety: |
Dodaj etykietę
Nie ma etykietki, Dołącz pierwszą etykiete!
|
| Thư viện lưu trữ: | Trung tâm Học liệu Trường Đại học Cần Thơ |
|---|
| LEADER | 00734nam a2200181Ia 4500 | ||
|---|---|---|---|
| 001 | CTU_238800 | ||
| 008 | 210402s9999 xx 000 0 und d | ||
| 082 | |a 428.24 | ||
| 082 | |b R724 | ||
| 100 | |a Rogers, John | ||
| 245 | 0 | |a Market leader : | |
| 245 | 0 | |b Pre-intermediate : Business English practice file | |
| 245 | 0 | |c John Rogers | |
| 520 | |a Market Leader 3rd Edition has been completely updated to reflect the fast-changing world of business using authoritative and authentic business sources such as Fina | ||
| 650 | |a Tiêng Anh,English language | ||
| 650 | |x Tiếng Anh thương mại,Dạy và học,Business English,Study and teaching | ||
| 910 | |b vtbtruc | ||
| 980 | |a Trung tâm Học liệu Trường Đại học Cần Thơ | ||